00451nam a2200181Ia 450000500170000000800410001702000220005804000190008004100120009908200160011110000200012724500370014726000330018430000110021750400190022865000120024785000100025920240926122519.0131103s9999 xx 000 0 und d a8172935277cRs.75 aLoreto College aEnglish a891.44bSAR aSarkar, Pabitra aBhasa, desh, kalcPabitra Sarkar aKolkatabMitra & ghoshc2003 a196p.  aIncludes index aBengali aLCBED